000 00457nam a2200181Ia 4500
001 3898
005 20260306145717.0
008 260306t2022||||xx |||||||||||||| ||spa||
041 _aESP
082 _a305.310985
_bL11
100 _aLa Hoz, Rodrigo,
_eAUT
245 0 _aAbelardo Alzamora :
_bmaestro, campesino y escritor de Yapatera
260 _c2022
300 _a63 páginas :
_c24 cm.
650 _aGEN
654 _aCHU
942 _cLIB
_dJUS
_fJUS
_2ddc
_n
999 _c3898
_d3898